000 00266nam a22001217a 4500
082 _a823
_bSTE/K
100 _aROBERT LOUIS STEVENSON
245 _aKIDNAPPED
260 _aNEW YORK
_bPLAYMORE INC
300 _a236
650 _aILLUSTRATED CLASSIC EDITIONS
942 _cBK
999 _c381
_d381